000 00681nam a2200217 a 4500
005 20240925065723.0
008 161031s2004 es r 000 0 spa d
020 _a8476586930
035 _aUPN01000214401
049 _aCG
050 4 _aT14.5
_bT4.2
245 0 3 _aLa tecnociencia y su divulgación :
_bun enfoque transdisciplinar /
_ced. Andoni Alonso.
260 _aBarcelona, Esp. :
_bAnthropos,
_c2004.
300 _a287 p.
440 0 _aCiencia, tecnología y sociedad ;
_v15
650 4 _aTECNOLOGIA -
_xASPECTOS SOCIALES
_917869
650 4 _aTecnología y civilización
_99784
700 1 _aAlonso, Andoni,
_d1966-
_eed.
_938237
905 _aLibro
999 _c186501
_d186501